Michalovský park dostane nemecké základy

Výsledky firmy BSH Drives and Pumps, s.r.o. prinútili firmu rozmýšlať o projekte priemyselného parku v Michalovciach. Budovanie parku rozdelené do troch etáp, použitie slovenského know-how. Pritiahnutie kooperantov. Výška investícií, ktoré si vyžiada vybudovanie priemyselného parku v Michalovciach....

Descrizione completa

Salvato in:
Dettagli Bibliografici
Autore principale: Sobinkovič, Branislav
Natura: Capitolo di libro
Lingua:slovacco
Soggetti:
Tags: Aggiungi Tag
Nessun Tag, puoi essere il primo ad aggiungerne!!

MARC

LEADER 00000naa a2200000 4500
001 r047244
005 20230921113616.5
041 0 |a slo 
044 |a SK 
245 1 0 |a Michalovský park dostane nemecké základy  |c Branislav Sobinkovič 
520 |a Výsledky firmy BSH Drives and Pumps, s.r.o. prinútili firmu rozmýšlať o projekte priemyselného parku v Michalovciach. Budovanie parku rozdelené do troch etáp, použitie slovenského know-how. Pritiahnutie kooperantov. Výška investícií, ktoré si vyžiada vybudovanie priemyselného parku v Michalovciach. Výhody a nevýhody pre zahraničných investorov. 
610 2 0 |a parky priemyselné 
610 2 0 |a know-how 
610 2 0 |a kooperácia 
610 2 0 |a investície zahraničné 
610 2 0 |a investície zo zahraničia 
610 2 0 |a Michalovce 
610 2 0 |a BSH Drives and Pumps, s.r.o. 
100 1 |a Sobinkovič, Branislav